Dine ozim / (Record no. 1573)

MARC details
000 -LEADER
fixed length control field 03300cam a2200589 i 4500
001 - CONTROL NUMBER
control field data
003 - CONTROL NUMBER IDENTIFIER
control field data
005 - DATE AND TIME OF LATEST TRANSACTION
control field 20260322212107.0
007 - PHYSICAL DESCRIPTION FIXED FIELD--GENERAL INFORMATION
fixed length control field data
008 - FIXED-LENGTH DATA ELEMENTS--GENERAL INFORMATION
fixed length control field data
010 ## - LIBRARY OF CONGRESS CONTROL NUMBER
LC control number 2025402432
020 ## - INTERNATIONAL STANDARD BOOK NUMBER
International Standard Book Number 9789654421904
020 ## - INTERNATIONAL STANDARD BOOK NUMBER
International Standard Book Number 9654421909
040 ## - CATALOGING SOURCE
Original cataloging agency DLC
Language of cataloging eng
Description conventions rda
Transcribing agency DLC
Modifying agency DLC-MRC
-- DLC-MRC
043 ## - GEOGRAPHIC AREA CODE
Geographic area code a-is---
Authority record control number or standard number http://id.loc.gov/vocabulary/geographicAreas/a-is
050 00 - LIBRARY OF CONGRESS CALL NUMBER
Classification number KMK810
Item number .S52 2019
066 ## - CHARACTER SETS PRESENT
Alternate G0 or G1 character set (2
100 1# - MAIN ENTRY--PERSONAL NAME
Linkage 880-01
Personal name Shalev, Gabriela
Relator term author
Relationship http://id.loc.gov/vocabulary/relators/aut
-- http://id.loc.gov/vocabulary/relators/aut
Authority record control number or standard number http://id.loc.gov/authorities/names/n85218611
Real World Object URI http://id.loc.gov/rwo/agents/n85218611
245 10 - TITLE STATEMENT
Linkage 880-02
Title Dine ozim /
Statement of responsibility, etc. Gavriʼelah Shale, Efi Tsema = The law of contract / Gabriela Shalev & Efi Zemach.
246 31 - VARYING FORM OF TITLE
Title proper/short title Law of contract
246 3# - VARYING FORM OF TITLE
Title proper/short title Law of contracts
250 ## - EDITION STATEMENT
Linkage 880-03
Edition statement Mahadurah reviʻit.
264 #1 - PRODUCTION, PUBLICATION, DISTRIBUTION, MANUFACTURE, AND COPYRIGHT NOTICE
Linkage 880-04
Place of production, publication, distribution, manufacture [Givʻatayim] :
Name of producer, publisher, distributor, manufacturer Din,
Place of production, publication, distribution, manufacture [Givʻatayim] :
Name of producer, publisher, distributor, manufacturer Din,
Date of production, publication, distribution, manufacture, or copyright notice 5779 = 2019.
264 #4 - PRODUCTION, PUBLICATION, DISTRIBUTION, MANUFACTURE, AND COPYRIGHT NOTICE
Date of production, publication, distribution, manufacture, or copyright notice ©2019
300 ## - PHYSICAL DESCRIPTION
Extent 920 pages
Dimensions 25 cm
334 ## - MODE OF ISSUANCE
Mode of issuance term single unit
Mode of issuance code mono
Authority record control number or standard number http://id.loc.gov/vocabulary/issuance/mono
336 ## - CONTENT TYPE
Content type term text
Content type code txt
Source rdacontent
Authority record control number or standard number http://id.loc.gov/vocabulary/contentTypes/txt
337 ## - MEDIA TYPE
Media type term unmediated
Media type code n
Source rdamedia
Authority record control number or standard number http://id.loc.gov/vocabulary/mediaTypes/n
338 ## - CARRIER TYPE
Carrier type term volume
Carrier type code nc
Source rdacarrier
Authority record control number or standard number http://id.loc.gov/vocabulary/carriers/nc
500 ## - GENERAL NOTE
General note "Fourth edition"--Title page verso.
650 #0 - SUBJECT ADDED ENTRY--TOPICAL TERM
Topical term or geographic name entry element Contracts
Geographic subdivision Israel
650 #0 - SUBJECT ADDED ENTRY--TOPICAL TERM
Topical term or geographic name entry element Contracts
Authority record control number or standard number http://id.loc.gov/authorities/subjects/sh85031620
650 #6 - SUBJECT ADDED ENTRY--TOPICAL TERM
Topical term or geographic name entry element Contrats
Geographic subdivision Israël
650 #6 - SUBJECT ADDED ENTRY--TOPICAL TERM
Topical term or geographic name entry element Contrats
650 #7 - SUBJECT ADDED ENTRY--TOPICAL TERM
Topical term or geographic name entry element contracts
Source of heading or term aat
650 #7 - SUBJECT ADDED ENTRY--TOPICAL TERM
Topical term or geographic name entry element Contracts
Source of heading or term fast
Authority record control number or standard number (OCoLC)fst00876969
-- (OCoLC)fst00876969
651 #7 - SUBJECT ADDED ENTRY--GEOGRAPHIC NAME
Geographic name Israel
Source of heading or term fast
Real World Object URI http://id.worldcat.org/fast/1204236
Authority record control number or standard number (OCoLC)fst01204236
700 1# - ADDED ENTRY--PERSONAL NAME
Linkage 880-05
Personal name Zemach, Efi
Relator term author
Relationship http://id.loc.gov/vocabulary/relators/aut
Authority record control number or standard number http://id.loc.gov/authorities/names/n2025037108
Real World Object URI http://id.loc.gov/rwo/agents/n2025037108
758 ## - RESOURCE IDENTIFIER
Real World Object URI http://id.loc.gov/resources/instances/in00024386608
758 ## - RESOURCE IDENTIFIER
Relationship http://id.loc.gov/ontologies/bibframe/instanceOf
Real World Object URI http://id.loc.gov/resources/works/in00024386608
880 1# - ALTERNATE GRAPHIC REPRESENTATION
Linkage 100-01/(2/r
a (2yle(B, (2baxi`ld(B
e author
4 http://id.loc.gov/vocabulary/relators/aut
-- http://id.loc.gov/vocabulary/relators/aut
-- http://id.loc.gov/authorities/names/n85218611
-- http://id.loc.gov/rwo/agents/n85218611
880 10 - ALTERNATE GRAPHIC REPRESENTATION
Linkage 245-02/(2/r
a (2cipi(B (2gefim(B /
c (2baxi`ld(B (2yle(B, (2`ti(B (2vng(B = The law of contract / Gabriela Shalev & Efi Zemach.
880 ## - ALTERNATE GRAPHIC REPRESENTATION
Linkage 250-03/(2/r
a (2ndcexd(B (2xairiz(B.
880 #1 - ALTERNATE GRAPHIC REPRESENTATION
Linkage 264-04/(2/r
a (2vtxixim(B :
b (2cio(B,
-- דין,
c (2dzyr(B"(2h(B = 2019.
880 1# - ALTERNATE GRAPHIC REPRESENTATION
Linkage 700-05/(2/r
a (2vng(B, (2`ti(B
e author
4 http://id.loc.gov/vocabulary/relators/aut
-- http://id.loc.gov/authorities/names/n2025037108
-- http://id.loc.gov/rwo/agents/n2025037108
884 ## - DESCRIPTION CONVERSION INFORMATION
Conversion process DLC bibframe2marc v3.1-dev
Conversion date 20251230
Conversion agency DLC
Uniform Resource Identifier https://github.com/lcnetdev/bibframe2marc/tree/v3.1-dev
906 ## - LOCAL DATA ELEMENT F, LDF (RLIN)
a 0
b ibc
c origres
d 2
e ncip
f 20
g y-gencatlg
925 0# -
-- acquire
-- 1 shelf copy
-- policy default
955 ## - COPY-LEVEL INFORMATION (RLIN)
-- cd22 2025-12-31 completed, to LAW ;
985 ## -
-- BIBFRAME
-- 2025-12-30T17:41:59
Holdings
Withdrawn status Lost status Damaged status Not for loan Home library Current library Shelving location Date acquired Total checkouts Full call number Barcode Date last seen Price effective from Koha item type
        Liberty Liberty General stacks 22/03/2026   KMK810 LOC-LPL-00036 22/03/2026 22/03/2026 Books